000 00639nam a22002297a 4500
003 UA-OsUOA
001 95268
007 ta
008 20130226b un ||||| |||| 00| 0 ukr d
100 _aЗоля Е.
090 _a821.133.1
_bЗ-81
942 _cBK
040 _aUA-OsUOA
_bukr
_cUA-OsUOA
_dUA-OsUOA
245 _aТвори в двох томах
_b2
_cЗавоювання Пласана. Жерміналь
300 _a725 с.
955 _a3
041 _aukr
080 _a821.133.1
260 _aК.
_bДніпро
_c1988
650 7 _a82 Література. Літературознавство
_2UDC
999 _c381523
_d381523